| 000 | 00853nam a22001937a 4500 | ||
|---|---|---|---|
| 999 |
_c9655 _d9655 |
||
| 003 | AR-CdUCM | ||
| 008 | 190328b ||||| |||| 00| 0 spa d | ||
| 040 |
_aMUNICIPALIDAD PROVINCIAL DEL CUSCO _cBIBLIOTECA MUNICIPAL DEL CUSCO |
||
| 082 |
_a320.0973 / 1942 _bP33 |
||
| 245 |
_aPaz y Guerra : _bLa Política Exterior de los Estados Unidos 1931-1941 / |
||
| 260 |
_aWáshington, D. C. : _bImprenta del Gobierno de los Estados Unidos ; _c1942. |
||
| 300 |
_a161 páginas ; _c23cm |
||
| 505 | _aContenido: La conquista japonesa de la Manchuria -- Discusiones sobre el desarme -- Advertencias de peligro -- La conquista italiana de Etiopía -- El ataque de Japón a la China 1937... | ||
| 650 |
_aEstados Unidos _91805 |
||
| 650 |
_aPolítica exterior _94556 |
||
| 710 |
_aDepartamento de los Estados Unidos _926007 |
||
| 942 |
_2ddc _cLIBROS |
||
| 945 | _anom | ||